01481nam a2200361 a 4500001001200000003000800012006001900020007001500039008004100054010001700095020002500112020002200137020002700159040002100186035002100207043001200228050002500240082001700265100002300282245011100305260013900416300002600555504006400581533015200645650003600797651002700833651004800860655002900908700002000937710001700957856012600974999001901100ebr10479982CaPaEBRm u cr cn|||||||||091104s2009 enka sb 001 0 eng d z 2009279434 z9780745329352 (pbk.) z0745329357 (pbk.) z9781849644341 (e-book) aCaPaEBRcCaPaEBR a(OCoLC)656841496 aa-cy---14aDS54.9b.F687 2009eb04a956.93042221 aFouskas, Vassilis.10aCyprush[electronic resource] :bthe post-imperial constitution /cVassilis K. Fouskas and Alex O. Tackie. aLondon ;aNew York :bPluto Press ;aNew York :bDistributed in the United States of America exclusively by Palgrave Macmillan,c2009. axviii, 110 p. :bill. aIncludes bibliographical references (p. 101-105) and index. aElectronic reproduction.bPalo Alto, Calif. :cebrary,d2013.nAvailable via World Wide Web.nAccess may be limited to ebrary affiliated libraries. 0aConstitutional historyzCyprus. 0aCyprusxHistoryy1960- 0aCyprusxPolitics and governmenty1960-2004. 7aElectronic books.2local1 aTackie, Alex O.2 aebrary, Inc.40uhttp://site.ebrary.com/lib/rucke/Doc?id=10479982zAn electronic book accessible through the World Wide Web; click to view c220366d220366